[Event "Hannover Ihme Cup"]
[Site "Hannover"]
[Date "2015.05.09"]
[Round "2"]
[White "Schmidt, Dennis"]
[Black "Bueyuekdere, Serdar"]
[Result "1/2-1/2"]
[WhiteElo "2036"]
[BlackElo "1830"]
[PlyCount "55"]
[EventDate "2015.05.08"]
[EventType "swiss"]
[EventRounds "5"]
[EventCountry "GER"]
[SourceTitle "EXT 2021"]
[Source "ChessBase"]
[SourceDate "2020.10.23"]
[SourceVersion "1"]
[SourceVersionDate "2020.10.23"]
[SourceQuality "1"]

1. e4 c5 2. Nf3 e6 3. d3 b6 4. g3 Bb7 5. Bg2 d6 6. 0-0 Nd7 7. Re1 Ngf6 8. Nc3 Be7 9. h3 0-0 10. Bg5 a6 11. Qe2 Qc7 12. Nh2 Rfe8 13. f4 e5 14. f5 b5 15. a3 b4 16. Nd1 a5 17. Ne3 h6 18. Bh4 Nh7 19. Bxe7 Rxe7 20. h4 Nb6 21. Nhg4 f6 22. Nf2 Rd7 23. Kh2 d5 24. exd5 Nxd5 25. Nxd5 Bxd5 26. Bxd5+ Rxd5 27. Qe4 Rad8 28. c3 1/2-1/2